The ocean basins (Record no. 224572)
[ view plain ]
| 000 -LEADER | |
|---|---|
| fixed length control field | 01794nam a2200373Ia 4500 |
| 100 1# - MAIN ENTRY--AUTHOR NAME | |
| Personal name | Wright, John. |
| 245 14 - TITLE STATEMENT | |
| Title | The ocean basins |
| 250 ## - EDITION STATEMENT | |
| Edition statement | 2nd ed. / |
| 260 ## - PUBLICATION, DISTRIBUTION, ETC. (IMPRINT) | |
| Place of publication | Oxford, [UK] : |
| Name of publisher | Butterworth-Heinemann ; |
| Place of publication | Milton Keynes, England : |
| Name of publisher | Open University, |
| Year of publication | 1998, c1997. |
| 300 ## - PHYSICAL DESCRIPTION | |
| Number of Pages | 185 p. : |
| Other physical details | ill. (some col.), maps (some col.) |
| 500 ## - GENERAL NOTE | |
| General note | "Designed so that it can be read on its own or studied as part of the Open University third-level course, S330 Oceanography"--P. [4] of cover. |
| General note | On p. facing t.p.: "Oceanography Course Team." |
| General note | 1st ed., 1989: prepared by an Open University course team [authors, Joan Brown ... et al.]. |
| 650 #0 - SUBJECT ADDED ENTRY--TOPICAL TERM | |
| Topical Term | Submarine geology. |
| Topical Term | Paleoceanography. |
| 700 1# - ADDED ENTRY--PERSONAL NAME | |
| Personal name | Rothery, David A. |
| Personal name | Brown, Joan |
| 856 40 - ELECTRONIC LOCATION AND ACCESS | |
| Uniform Resource Identifier | http://site.ebrary.com/lib/rucke/Doc?id=10206656 |
No items available.
